<?xml version="1.0" encoding="UTF-8"?><?xml-stylesheet type="text/xsl" href="static/style.xsl"?><OAI-PMH xmlns="http://www.openarchives.org/OAI/2.0/" xmlns:xsi="http://www.w3.org/2001/XMLSchema-instance" xsi:schemaLocation="http://www.openarchives.org/OAI/2.0/ http://www.openarchives.org/OAI/2.0/OAI-PMH.xsd"><responseDate>2026-04-17T03:25:48Z</responseDate><request verb="GetRecord" identifier="oai:www.recercat.cat:2117/333739" metadataPrefix="marc">https://recercat.cat/oai/request</request><GetRecord><record><header><identifier>oai:recercat.cat:2117/333739</identifier><datestamp>2025-07-22T15:52:41Z</datestamp><setSpec>com_2072_1033</setSpec><setSpec>col_2072_452951</setSpec></header><metadata><record xmlns="http://www.loc.gov/MARC21/slim" xmlns:dcterms="http://purl.org/dc/terms/" xmlns:xsi="http://www.w3.org/2001/XMLSchema-instance" xmlns:doc="http://www.lyncode.com/xoai" xsi:schemaLocation="http://www.loc.gov/MARC21/slim http://www.loc.gov/standards/marcxml/schema/MARC21slim.xsd">
   <leader>00925njm 22002777a 4500</leader>
   <datafield ind2=" " ind1=" " tag="042">
      <subfield code="a">dc</subfield>
   </datafield>
   <datafield ind2=" " ind1=" " tag="720">
      <subfield code="a">Caballero Mostazo, Laura</subfield>
      <subfield code="e">author</subfield>
   </datafield>
   <datafield ind2=" " ind1=" " tag="260">
      <subfield code="c">2020-07-09</subfield>
   </datafield>
   <datafield ind2=" " ind1=" " tag="520">
      <subfield code="a">El següent treball de fi de grau consisteix en la simulació i dimensionament d’una instal·lació solar fotovoltaica per a l'autoconsum instantani de l'energia generada amb connexió a la xarxa elèctrica en baixa tensió. La instal·lació està destinada a proporcionar subministrament elèctric sense excedents en un habitatge unifamiliar d’ús diari amb el propòsit de garantir la mínima dependència dels recursos energètics externs i la reducció de la despesa elèctrica. Amb el fi d'aconseguir aquest objectiu, es fa una breu introducció a la problemàtica climàtica actual i s’analitza el paper de l’energia solar fotovoltaica en el mercat nacional i internacional. S’indica també el funcionament d’aquest tipus d’instal·lacions renovables i les principals propietats dels elements que conformen el sistema de generació. El projecte més tècnic consisteix a determinar el consum elèctric de l’habitatge, i a analitzar les característiques de l’edifici i de l’emplaçament escollit per a la instal·lació solar. Aquest estudi permet determinar el dimensionament òptim, les variables de disseny i els components de la instal·lació més adients per abastir les necessitats energètiques de l’habitatge. A partir del disseny realitzat, s’estima la producció d’energia elèctrica anual del sistema i es realitza una comparació dels resultats obtinguts de forma analítica mitjançant una simulació energètica amb el programa informàtic d'instal·lacions fotovoltaiques PVsyst. Finalment, s’estudia la viabilitat econòmica i mediambiental del sistema. Es busca aconseguir un estalvi energètic i econòmic considerable, la possibilitat d'amortització dins de la seva vida útil, i la reducció de la petjada de carboni actual de l’habitatge.</subfield>
   </datafield>
   <datafield tag="653" ind2=" " ind1=" ">
      <subfield code="a">Àrees temàtiques de la UPC::Energies</subfield>
   </datafield>
   <datafield tag="653" ind2=" " ind1=" ">
      <subfield code="a">Àrees temàtiques de la UPC::Enginyeria elèctrica</subfield>
   </datafield>
   <datafield tag="653" ind2=" " ind1=" ">
      <subfield code="a">Photovoltaic power generation</subfield>
   </datafield>
   <datafield tag="653" ind2=" " ind1=" ">
      <subfield code="a">Photovoltaic power systems</subfield>
   </datafield>
   <datafield tag="653" ind2=" " ind1=" ">
      <subfield code="a">Energia solar fotovoltaica</subfield>
   </datafield>
   <datafield tag="653" ind2=" " ind1=" ">
      <subfield code="a">Instal·lacions fotovoltaiques</subfield>
   </datafield>
   <datafield ind2="0" ind1="0" tag="245">
      <subfield code="a">Instal·lació solar fotovoltaica en un habitatge unifamiliar</subfield>
   </datafield>
</record></metadata></record></GetRecord></OAI-PMH>